COME COSTRUIRE UN DINOSAURO. LA SCIENZA DI JURASSIC PARK E DEL MONDO PERDUTO. (Record n. 309837)
[ formato base ]
| 000 -LEADER | |
|---|---|
| fixed length control field | 01227nam a2200229Ia 4500 |
| 001 - CONTROL NUMBER | |
| control field | L942-50933 |
| 003 - CONTROL NUMBER IDENTIFIER | |
| control field | IT-CnALBA |
| 008 - FIXED-LENGTH DATA ELEMENTS--GENERAL INFORMATION | |
| fixed length control field | 170116s9999||||xx |||||||||||||| ||und|| |
| 040 ## - CATALOGING SOURCE | |
| Original cataloging agency | IT-CnALBA |
| Transcribing agency | IT-CnALBA |
| 041 ## - LANGUAGE CODE | |
| Language code of text/sound track or separate title | ITALIANO |
| 999 ## - SYSTEM CONTROL NUMBERS (KOHA) | |
| Koha Dewey Subclass [OBSOLETE] | NO |
| 100 ## - MAIN ENTRY--PERSONAL NAME | |
| Personal name | DESALLE ROB |
| 245 #0 - TITLE STATEMENT | |
| Title | COME COSTRUIRE UN DINOSAURO. LA SCIENZA DI JURASSIC PARK E DEL MONDO PERDUTO. |
| 250 ## - EDITION STATEMENT | |
| Edition statement | 1a ed. |
| 260 ## - PUBLICATION, DISTRIBUTION, ETC. (IMPRINT) | |
| Place of publication, distribution, etc. | MILANO |
| Name of publisher, distributor, etc. | CORTINA RAFFAELLO, ED. |
| Date of publication, distribution, etc. | 1997 [1° Ed.:1997 - Ed.Ling.Originale: 1997] |
| 300 ## - PHYSICAL DESCRIPTION | |
| Extent | 223 p. |
| 500 ## - GENERAL NOTE | |
| General note | SCIENZE. INDICE ANALITICO. I DINOSAURI. RICERCA DELL'AMBRA. ESTRAZIONE DEL SANGUE DA UNA PIETRA. RICUCITURA DELLA STORIA. IL PROBLEMA DI HUMPTY DUMPTY. GENERAZIONE DI UN BAMBINO. FEMMINA. CRESCITA IN UN MONDO STRANIERO. TROVARE CASA. LA MATEMATICA DELLA L |
| 501 ## - WITH NOTE | |
| With note | Società San Paolo EM - Piazza San Paolo, 14 - 12051 ALBA (CN) (non commercial uses only) ® Copyright 2017 |
| 520 ## - SUMMARY, ETC. | |
| Summary, etc. | SCIENZE. INDICE ANALITICO. I DINOSAURI. RICERCA DELL'AMBRA. ESTRAZIONE DEL SANGUE DA UNA PIETRA. RICUCITURA DELLA STORIA. IL PROBLEMA DI HUMPTY DUMPTY. GENERAZIONE DI UN BAMBINO. FEMMINA. CRESCITA IN UN MONDO STRANIERO. TROVARE CASA. LA MATEMATICA DELLA L |
| 650 ## - SUBJECT ADDED ENTRY--TOPICAL TERM | |
| Topical term or geographic name as entry element | STORIA MODERNA |
| 942 ## - ADDED ENTRY ELEMENTS (KOHA) | |
| Koha item type | LIBRO |
| 957 ## - | |
| -- | 1 |
| 999 ## - SYSTEM CONTROL NUMBERS (KOHA) | |
| -- | Copie: 1 |
| Withdrawn status | Lost status | Damaged status | Not for loan | Home library | Current library | Date acquired | Total Checkouts | Full call number | Date last seen | Price effective from | Koha item type | Public note |
|---|---|---|---|---|---|---|---|---|---|---|---|---|
| Buone Condizioni | Not For Loan | ALBA - Biblioteca | ALBA - Biblioteca | 16/01/2017 | L942-50933 | 16/01/2017 | 16/01/2017 | LIBRO | (data import: 16 gennaio 2017) - By Epidotti, Vaglietti. |